000 00587nam a2200229Ia 4500
003 OSt
005 20220923230642.0
006 a|||||r|||| 00| 0
007 ta
008 Pun
024 _a288,979
037 _cTextual
040 _aARTS
_cARTS
_bPun
041 _2Pun
_aPun
082 _aP153, 153K6
100 _aਸਿੰਘ, ਹਰਕੀਰਤ
_9156291
245 0 _aਪੰਜਾਬੀ ਬਾਰੇ
260 _c1966
650 _aਪੰਜਾਬੀ ਭਾFਾ
942 _hP153, 153K6
_cTEXL
_2CC
999 _c386277
_d386277